<?xml version="1.0" encoding="UTF-8"?>
<marc:record xmlns:marc="http://www.loc.gov/MARC21/slim">
   <marc:leader>00000nam a2200000 a 4500</marc:leader>
   <marc:datafield ind1="1" ind2=" " tag="100">
      <marc:subfield code="a">Kaplan, Dana</marc:subfield>
      <marc:subfield code="4">aut</marc:subfield>
      <marc:subfield code="e">Verfasser/-in</marc:subfield>
   </marc:datafield>
   <marc:datafield ind1="1" ind2=" " tag="100">
      <marc:subfield code="a">Illouz, Eva</marc:subfield>
      <marc:subfield code="4">aut</marc:subfield>
      <marc:subfield code="e">Verfasser/-in</marc:subfield>
   </marc:datafield>
   <marc:datafield ind1=" " ind2=" " tag="653">
      <marc:subfield code="a">Soziologie</marc:subfield>
   </marc:datafield>
   <marc:datafield ind1=" " ind2=" " tag="653">
      <marc:subfield code="a">Kapitalismuskritik</marc:subfield>
   </marc:datafield>
   <marc:datafield ind1=" " ind2=" " tag="653">
      <marc:subfield code="a">Sexualforschung</marc:subfield>
   </marc:datafield>
   <marc:datafield ind1=" " ind2=" " tag="653">
      <marc:subfield code="a">Softcover / Soziologie/Frauenforschung</marc:subfield>
   </marc:datafield>
   <marc:datafield ind1=" " ind2=" " tag="653">
      <marc:subfield code="a">Geschlechterforschung</marc:subfield>
   </marc:datafield>
   <marc:datafield ind1=" " ind2=" " tag="653">
      <marc:subfield code="a">Soziologie;Kapitalismuskritik;Sexualforschung</marc:subfield>
   </marc:datafield>
   <marc:datafield ind1="0" ind2="0" tag="245">
      <marc:subfield code="a">Was ist sexuelles Kapital?</marc:subfield>
   </marc:datafield>
   <marc:datafield ind1="0" ind2="0" tag="245">
      <marc:subfield code="c">Dana Kaplan, Eva Illouz</marc:subfield>
   </marc:datafield>
   <marc:datafield ind1=" " ind2="1" tag="264">
      <marc:subfield code="a">Berlin</marc:subfield>
      <marc:subfield code="b">Suhrkamp</marc:subfield>
      <marc:subfield code="c">2021</marc:subfield>
   </marc:datafield>
   <marc:datafield ind1=" " ind2=" " tag="250">
      <marc:subfield code="a">1. Auflage</marc:subfield>
   </marc:datafield>
   <marc:datafield ind1="1" ind2=" " tag="520">
      <marc:subfield code="a">Angaben aus der Verlagsmeldung

Was ist sexuelles Kapital? What is Sexual Capital? / von Dana Kaplan, Eva Illouz

Nicht die Natur bestimmt unsere Vorstellungen von Sexualität, sondern die Gesellschaft. War es früher die Religion, die den Sex regulierte, so ist es heute die Ökonomie. Kein Wunder also, dass »sexuelles« oder »erotisches Kapital« in der Soziologie, den Gender Studies, der Sexualwissenschaft und sogar in der Alltagssprache zu einer gängigen Metapher geworden ist, um die Motive und Konsequenzen von Praktiken etwa zur Steigerung der sexuellen Attraktivität zu beschreiben.

In ihrem konzisen und mit zahlreichen Beispielen angereicherten Buch verteidigen Dana Kaplan und Eva Illouz den Begriff des sexuellen Kapitals als analytische Kategorie, machen ihn jedoch komplexer und befreien ihn von Gender-Klischees sowie von rationalistischen und identitätspolitischen Kurzschlüssen. Sie zeigen, dass sexuelles Kapital verschiedene, historisch bedingte Formen annehmen kann, die zeitweise auch nebeneinander bestehen. Ihr Hauptaugenmerk gilt den Spezifika der neoliberalen Sexualität, die mit einer ganz eigenen Sorte von sexuellem Kapital einhergeht. Dieses zirkuliert längst nicht mehr nur im Bereich privater Intimbeziehungen, sondern in der gesamten Sphäre der kapitalistischen Reproduktion. Aus dieser Perspektive erscheint dann auch die Frage nach Klassen- und Geschlechterhierarchien in einem neuen Licht.

</marc:subfield>
   </marc:datafield>
   <marc:datafield ind1=" " ind2=" " tag="020">
      <marc:subfield code="a">9783518587720</marc:subfield>
      <marc:subfield code="9">9783518587720</marc:subfield>
   </marc:datafield>
   <marc:datafield ind1=" " ind2=" " tag="020">
      <marc:subfield code="a">3518587722</marc:subfield>
      <marc:subfield code="9">3518587722</marc:subfield>
   </marc:datafield>
   <marc:datafield ind1=" " ind2=" " tag="041">
      <marc:subfield code="a">ger</marc:subfield>
   </marc:datafield>
   <marc:datafield ind1=" " ind2=" " tag="300">
      <marc:subfield code="a">125 Seiten</marc:subfield>
   </marc:datafield>
</marc:record>
